All Things Pig - Statistics

General Stats
  • This quiz has been taken 165 times
  • The average score is 10 of 22
Answer Stats
Hint Answer % Correct
Save those pennies! Piggy Bank
91%
This room is a mess! Pigsty
79%
The Muppet's prima donna and co-star Miss Piggy
71%
2007 on the Chinese calendar Year of the Pig
67%
Failed US-sponsored invasion occured here Bay of Pigs
62%
"That's all, folks!" Porky Pig
62%
Stuff your face with food Pig out
57%
Carry on the shoulders and back Piggyback
55%
Ecret-say anguage-lay Pig latin
55%
"That'll never happen!" When pigs fly!
49%
Academy of magic and wizardry Hogwarts
47%
Casual term for a US football ball Pigskin
47%
Test subject Guinea Pig
44%
Footloose actor Kevin Bacon
40%
Stubborn; obstinate Pig headed
36%
Low quality brittle metal Pig Iron
29%
An aggressive or obstructive driver Road Hog
27%
Sexist man Male Chauvinist Pig
16%
16th Century English philosopher Francis Bacon
14%
Earn money Bring home the bacon
11%
John Travolta/Tim Allen Movie Wild Hogs
10%
The Griswolds won a European vacation on this show Pig in a Poke
3%
No matching quizzes found
Score Distribution
Percent of People with Each Score
Percentile by Number Answered
Your Score History
You have not taken this quiz